|
|
|
|
| LEADER |
00000cas a2200000 a 4500 |
| 003 |
Ucuenca |
| 005 |
20231108081548.0 |
| 008 |
013100|2013 ec |||||r|||||||||||spa|| |
| 040 |
|
|
|b spa
|
| 041 |
0 |
|
|a es
|
| 082 |
0 |
|
|a 610.05
|b U48r
|
| 110 |
2 |
|
|a Universidad Católica de Cuenca.
|9 68030
|
| 245 |
|
|
|a Panorama médico: revista científica Universidad de Cuenca
|b
|c Universidad Católica de Cuenca
|h imp
|
| 264 |
|
|
|a Cuenca
|b Universidad Católica de Cuenca
|c 2013
|
| 300 |
|
|
|a 172 páginas:
|b ilu
|c 28 cm
|
| 362 |
|
|
|a vol. 7 (mayo 2013)
|
| 504 |
|
|
|a incl. ref.
|
| 505 |
1 |
|
|a Editorial -- prólogo -- Homenaje -- Causas de muerte en Cuenca del 1 de mayo al 31 de de octubre de 2012 -- El parto -- Ascaridiasis en el ovario a propósito de un caso -- Displacia y luxación congénitas de caderas, Hospital Moreno Vázquez de Cantón Gualaceo -- Aneurisma aórtico abdominal
|
| 650 |
|
0 |
|a Parto
|9 62823
|
| 650 |
|
0 |
|a Hipertension arterial
|9 88308
|
| 852 |
|
|
|a UC-SALUD
|f Donación
|l 1
|m Limitada
|p 20131002
|q 1
|t si2583
|w MEDICINA
|b 1
|d CDRS
|e CDRS
|g 610.05 ESTANTERIA ABIERTA
|z 2013-31-00
|
| 942 |
|
|
|c SER
|2 ddc
|r denisse.artiles@ucuenca.edu.ec
|
| 999 |
|
|
|c 146634
|d 146634
|